Métodos cualitativos y cuantitativos en investigación evaluativa /
সংরক্ষণ করুন:
| প্রধান লেখক: | |
|---|---|
| অন্যান্য লেখক: | |
| বিন্যাস: | অজ্ঞাত |
| প্রকাশিত: |
Madrid:
Ediciones Morata
|
| বিষয়গুলি: | |
| ট্যাগগুলো: |
ট্যাগ যুক্ত করুন
কোনো ট্যাগ নেই, প্রথমজন হিসাবে ট্যাগ করুন!
|
MARC
| LEADER | 00000 a2200000 04500 | ||
|---|---|---|---|
| 001 | 18561 | ||
| 003 | |||
| 008 | 991231s d | ||
| 040 | |||
| 090 | |a 143507 | ||
| 100 | |a Cook, Thomas D. | ||
| 245 | |a Métodos cualitativos y cuantitativos en investigación evaluativa / |c Thomas D. Cook | ||
| 260 | |a Madrid: |b Ediciones Morata | ||
| 300 | |a 228 p. | ||
| 650 | |a METODOLOGIA | ||
| 650 | |a METODOS DE INESTIGACION | ||
| 650 | |a INVESTIGACION | ||
| 650 | |a FOTOGRAFIA | ||
| 700 | |a Reichardt, Charles S. | ||
| 999 | |c 3488 |d 3488 | ||
